Welcome to CU Library Online Public Access Catalogue (OPAC)

THE MEANING OF FREEDOM (Record no. 7307)

MARC details
000 -LEADER
fixed length control field 00432nam a22001457a 4500
005 - DATE AND TIME OF LATEST TRANSACTION
control field 20250820135708.0
008 - FIXED-LENGTH DATA ELEMENTS--GENERAL INFORMATION
fixed length control field 250820b |||||||| |||| 00| 0 eng d
020 ## - INTERNATIONAL STANDARD BOOK NUMBER
International Standard Book Number 0853648441
050 ## - LIBRARY OF CONGRESS CALL NUMBER
Classification number B 105
Item number .L45 KIR
100 ## - MAIN ENTRY--PERSONAL NAME
Personal name KIRK, ANDREW J.
245 ## - TITLE STATEMENT
Title THE MEANING OF FREEDOM
Remainder of title A Study of Secular, Muslim and Christian views
Statement of responsibility, etc. J. ANDREW KIRK
260 ## - PUBLICATION, DISTRIBUTION, ETC.
Place of publication, distribution, etc. LONDON
Name of publisher, distributor, etc. PATERNOSTER PRESS
Date of publication, distribution, etc. c1998
300 ## - PHYSICAL DESCRIPTION
Extent x, 262p.;
942 ## - ADDED ENTRY ELEMENTS (KOHA)
Source of classification or shelving scheme Library of Congress Classification
Koha item type Books
Suppress in OPAC No
999 ## -
-- 7307
-- 7307

No items available.

© 2023-2024 Copyright: Central University Libraries. All Rights Reserved | Created by: Mahone Tech Office